Achieving sustainable urban form (Record no. 27483)

000 -LEADER
fixed length control field 00700nam a2200265 a 4500
001 - CONTROL NUMBER
control field 27483
003 - CONTROL NUMBER IDENTIFIER
control field BD-DhUET
008 - FIXED-LENGTH DATA ELEMENTS--GENERAL INFORMATION
fixed length control field 990729s2000 enka b 001 0 eng d
020 ## - INTERNATIONAL STANDARD BOOK NUMBER
International Standard Book Number 0419244506
040 ## - CATALOGING SOURCE
Original cataloging agency UKM
Transcribing agency UKM
Modifying agency BD-DhUET
082 04 - DEWEY DECIMAL CLASSIFICATION NUMBER
Classification number 301.36
Item number WIL/2000
100 ## - MAIN ENTRY--PERSONAL NAME
Personal name Williams, Katie
245 10 - TITLE STATEMENT
Title Achieving sustainable urban form
250 ## - EDITION STATEMENT
Edition statement 1st ed.
260 ## - PUBLICATION, DISTRIBUTION, ETC. (IMPRINT)
Place of publication, distribution, etc. London
Name of publisher, distributor, etc. E. & F. N. Spon
Date of publication, distribution, etc. 2000
300 ## - PHYSICAL DESCRIPTION
Extent xii, 388 p.
Other physical details ill.
Dimensions 25 cm.
504 ## - BIBLIOGRAPHY, ETC. NOTE
Bibliography, etc Includes bibliographies
650 #0 - SUBJECT ADDED ENTRY--TOPICAL TERM
Topical term or geographic name as entry element Cities and towns
650 #0 - SUBJECT ADDED ENTRY--TOPICAL TERM
Topical term or geographic name as entry element Sociology, Urban
650 #0 - SUBJECT ADDED ENTRY--TOPICAL TERM
Topical term or geographic name as entry element Sustainable development
650 #4 - SUBJECT ADDED ENTRY--TOPICAL TERM
Topical term or geographic name as entry element Cities and towns
700 ## - ADDED ENTRY--PERSONAL NAME
Personal name Burton, Elizabeth
700 ## - ADDED ENTRY--PERSONAL NAME
Personal name Jenks, Mike
942 ## - ADDED ENTRY ELEMENTS (KOHA)
Koha item type Edited Book
Holdings
Koha date last seen Date acquired Location (home branch) Koha normalized classification for sorting Withdrawn status Not for loan Source of classification or shelving scheme Copy number Damaged status Piece designation (barcode) Koha item type Shelving location Lost status Sublocation or collection (holding branch) Price effective from Koha full call number
2015-06-062015-06-06Central Library, BUET301_360000000000000_WIL_2000   1 94949Edited BookReading section Central Library, BUET2015-06-06301.36/WIL/2000